Web services : (Record no. 63204)

MARC details
000 -LEADER
fixed length control field 00545nam a22001697a 4500
005 - DATE AND TIME OF LATEST TRANSACTION
control field 20180827125758.0
008 - FIXED-LENGTH DATA ELEMENTS--GENERAL INFORMATION
fixed length control field 120503t xxu||||| |||| 00| 0 eng d
020 ## - INTERNATIONAL STANDARD BOOK NUMBER
International Standard Book Number 0070593787
Terms of availability 00.00
035 ## - SYSTEM CONTROL NUMBER
System control number B-148305, B-148307
037 ## - SOURCE OF ACQUISITION
Stock number DPL
Source of stock number/acquisition ENG
100 ## - MAIN ENTRY--PERSONAL NAME
Personal name Kumar, B V
9 (RLIN) 42588
245 ## - TITLE STATEMENT
Title Web services :
Remainder of title An introduction /
Statement of responsibility, etc by B V Kumar and S V Subrahmanya
260 ## - PUBLICATION, DISTRIBUTION, ETC. (IMPRINT)
Place of publication, distribution, etc New Delhi
Name of publisher, distributor, etc Tata McGraw-Hill Publishing
Date of publication, distribution, etc 2006
300 ## - PHYSICAL DESCRIPTION
Extent xvii, 457p.
Dimensions 24 cms.
700 ## - ADDED ENTRY--PERSONAL NAME
Personal name Subrahmanya, S V
9 (RLIN) 42589
942 ## - ADDED ENTRY ELEMENTS (KOHA)
Source of classification or shelving scheme Dewey Decimal Classification
Item type English Books
Classification part 005.8
Call number suffix KUM
Holdings
Withdrawn status Lost status Damaged status Not for loan Collection code Home library Current library Date acquired Cost, normal purchase price Total Checkouts Full call number Barcode Date last seen Cost, replacement price Koha item type Source of classification or shelving scheme Source of acquisition
        Non-fiction Sarojini Nagar Sarojini Nagar 18/02/2012 0.00   005.8 KUM B-148305 18/02/2012 0.00 English Books    
        Non-fiction Shahdara Branch Shahdara Branch 27/08/2018 0.00   005.8 KUM B-148307 27/08/2018 0.00 English Books Dewey Decimal Classification BPPD/PUB

© Delhi Public Library
Hit Counter
free hit counter